LEADER 01609nam0 22003971i 450 001 990005379890403321 005 20180509144305.0 035 $a000537989 035 $aFED01000537989 035 $a(Aleph)000537989FED01 100 $a19990530d1939----km-y0itay50------ba 101 0 $aita 102 $aIT 105 $ay---b---00--- 200 1 $aCatalogo sistematico descrittivo delle fotografie dei monumenti pompeiani esistenti nell'archivio fotografico della R. Soprintendenza alle Antichita della Campania$fa cura di! Matteo Della Corte 210 $aRoma$cFratelli Palombi$d1939 215 $av.$d27 cm 300 $aIn testa al front.: R. Istituto di Archeologia e Storia dell'Arte 327 0 $aMuseo Nazionale, Napoli : puntata 1. : anni 1905-1932 610 0 $aFotografie$aPompei$aCataloghi 610 0 $aPompei$aFotografie$aCataloghi 610 0 $aMonumenti pompeiani$aFotografie$a1905-1932 610 0 $aSoprintendenza alle antichitā : archivio fotografico$aMonumenti pompeiani$a1905-1932 676 $a779.0945$v22$zita 676 $a937.7$v22$zita 702 1$aDella Corte,$bMatteo$f<1875-1962> 712 02$aMuseo archeologico nazionale di Napoli 801 0$aIT$bUNINA$gRICA$2UNIMARC 901 $aBK 912 $a990005379890403321 952 $aARCH D 142 8$bARCH. 12335$fFLFBC 952 $aRARI B 339$b7746$fFARBC 959 $aFLFBC 959 $aFARBC 996 $aCatalogo sistematico descrittivo delle fotografie dei monumenti pompeiani esistenti nell'archivio fotografico della R. Soprintendenza alle Antichita della Campania$91506652 997 $aUNINA LEADER 00922oam 2200277z- 450 001 9910138879503321 005 20051215063035.0 010 $a88-15-09593-4 010 $a88-15-14338-6 035 $a(CKB)2470000000005187 035 $a(EXLCZ)992470000000005187 100 $a20220316c2009uuuu -u- - 101 0 $aita 200 10$aCultura e istituzioni nell'Ottocento italiano /$fMarino Berengo ; a cura di Roberto Pertici 210 $cSocietā editrice il Mulino$aBologna 606 $aEducation, Higher$zItaly$xHistory$y19th century 607 $aItaly$xIntellectual life$y19th century 607 $aItaly$xCivilization$y19th century 615 0$aEducation, Higher$xHistory 676 $a945/.08 700 $aBerengo$b Marino$037634 701 $aPertici$b Roberto$0144968 906 $aBOOK 912 $a9910138879503321 996 $aCultura e istituzioni nell'Ottocento italiano$92876130 997 $aUNINA